| 000 | 00474cam a22001337a 4500 | ||
|---|---|---|---|
| 008 | 180718b1972 xxu||||| |||| 00| 0 eng d | ||
| 082 | _aX9 Un3 | ||
| 245 |
_aProtection of the environment: the fight against pollution _cby Her Majesty's Stationery Office |
||
| 260 |
_aLondon _bHer Majesty's Stationery Office _c1972 |
||
| 300 | _a28p | ||
| 650 | _aPollution --Great Britain. | ||
| 650 | _aEnvironmental policy --Great Britain | ||
| 700 | _aU.K. Her Majesty's Stationery Office | ||
| 999 |
_c414146 _d414146 |
||